000 00530nam a2200157Ia 4500
008 240126s9999 xx 000 0 und d
041 _aEnglish
082 _a001.6424 GAM;18
100 _aGamma, Erich. Helm, Richard. Johnson, Ralph...[et al.]
245 0 _aDesign patterns : elements of reusable object-oriented software
260 _bDorling Kindersley
_aNew Delhi
300 _axiii, 395
440 _aAddision wesley professional computing series
650 _apatterns,reusable,object-oriented,software
942 _cNP
999 _c274308
_d274308